|
|
|
|
| LEADER |
00582cam a2200193 7i4500 |
| 001 |
0000031427 |
| 005 |
20141124090000.0 |
| 020 |
0 |
0 |
|a 9780812992953
|
| 090 |
0 |
0 |
|a B 658.40714
|b BRA
|
| 100 |
1 |
0 |
|a Brabandere, Luc De
|
| 245 |
1 |
0 |
|a Thinking in new boxes :
|b a new paradigm for business creativity.
|
| 260 |
0 |
0 |
|a New York:
|b Random House,
|c 2013.
|
| 300 |
# |
# |
|a 330 p.
|
| 650 |
0 |
0 |
|a Creative thinking
|
| 650 |
0 |
0 |
|a Creative ability in business
|
| 650 |
0 |
0 |
|a New products
|
| 650 |
0 |
0 |
|a Diffusion in innovations
|
| 700 |
1 |
0 |
|a Iny, Alan
|
| 999 |
|
|
|a B000034743
|b Book
|c Book
|e Business Information Centre
|